000 nam a22 7a 4500
999 _c10405
_d10405
008 180216b ||||| |||| 00| 0 eng d
100 _aKumar,A.etal.
_96355
245 _aE-World-3
260 _aNew Delhi
_bDK